| 000 | 00693nam a2200205 a 4500 | ||
|---|---|---|---|
| 005 | 20140310183513.0 | ||
| 008 | 101021s19uu xx 00 eng d | ||
| 020 | _a9781412960762 | ||
| 050 |
_aLB 1139.25 _b.G66 2009 |
||
| 100 | _aGood, Linda | ||
| 245 |
_aTeaching and learning with digital photography : _btips and tools for early childhood classrooms / _cLinda Good |
||
| 260 |
_aThousand Oaks, CA : _bCoprwin Press, _c2009. |
||
| 300 |
_a229 p. : _bill. ; _c25 cm. |
||
| 521 | _aMA | ||
| 650 |
_aEraly childhood education _xUnited States. |
||
| 650 |
_aPhotography _xDigital techniques. |
||
| 650 |
_aTechnology and children _xUnited States. |
||
| 942 |
_cBK _2lcc _kFOR |
||
| 999 |
_c24225 _d24225 |
||